书目信息 |
| 题名: |
试论我国社会主义经济发展的新战略
|
|
| 作者: | 马洪 著 | |
| 分册: | ||
| 出版信息: | 北京 中国社会科学出版社 1982 |
|
| 页数: | 129页 | |
| 开本: | 21cm | |
| 丛书名: | ||
| 单 册: | ||
| 中图分类: | F120.4 | |
| 科图分类: | ||
| 主题词: | 社会主义经济-经济发展战略--研究--中国 , 经济发展战略-社会主义经济--研究--中国 | |
| 电子资源: | ||
| ISBN: | ||
| 000 | 00719nam0 2200241 45 | |
| 001 | 0182008799 | |
| 005 | 20060801162352.93 | |
| 010 | @dCNY0.51 | |
| 091 | @aCN@b4190.104 | |
| 100 | @a19950511d1982 em y0chiy0121 ea | |
| 101 | 0 | @achi |
| 102 | @aCN@b110000 | |
| 105 | @ay z 000yy | |
| 200 | 10 | @a试论我国社会主义经济发展的新战略@Ashi lun wo guo she hui zhu yi jing ji fa zhan de xin zhan lue@f马洪著 |
| 210 | @a北京@c中国社会科学出版社@d1982 | |
| 215 | @a129页@d21cm | |
| 606 | @a社会主义经济-经济发展战略@x研究@y中国 | |
| 606 | @a经济发展战略-社会主义经济@x研究@y中国 | |
| 690 | @aF120.4@v3 | |
| 701 | 0 | @a马洪@Ama hong@4著 |
| 801 | 2 | @aCN@bNLC@c20060801 |
| 801 | 0 | @aCN@bTSSF |
| 905 | @a10447@dF120.4@e149 | |
| 试论我国社会主义经济发展的新战略/马洪著.-北京:中国社会科学出版社,1982 |
| 129页;21cm |
| ISBN :CNY0.51 |
| ● |
| 相关链接 |
|
|
|
|
正题名:试论我国社会主义经济发展的新战略
索取号:F120.4/149
 
预约/预借
| 序号 | 登录号 | 条形码 | 馆藏地/架位号 | 状态 | 备注 |
| 1 | 0441306 | 204413063 | 密集书库/ [索取号:F120.4/149] | 在馆 |